Normal view
MARC view
- Parameshwar Singh
Entry Personal Name
001 - CONTROL NUMBER
- control field: 335
003 - CONTROL NUMBER IDENTIFIER
- control field: OSt
005 - DATE AND TIME OF LATEST TRANSACTION
- control field: 20160609113419.0
008 - FIXED-LENGTH DATA ELEMENTS
- fixed length control field: 160609|| aca||aabn | a|a d
040 ## - CATALOGING SOURCE
- Original cataloging agency: OSt
- Transcribing agency: OSt
100 ## - HEADING--PERSONAL NAME
- Personal name: Parameshwar Singh
670 ## - SOURCE DATA FOUND
- Source citation: Work cat.: (OSt): Parameshwar Singh, Farm Management, 2013
